000 00374nam a2200133Ia 4500
005 20260328101441.0
008 260328s9999||||xx |||||||||||||| ||und||
100 _aArmi, Edson C
245 0 _aAmerican Car Design now :
_b Inside the studios of today's top car Designers /
_cEdson C Armi
260 _bRizzoli
300 _a239 p.
650 _aDISEÑO INDUSTRIAL
942 _cBK
999 _c8279
_d8279